Fassbinder por Fassbinder: las entrevistas completas
Bewaard in:
| Hoofdauteur: | |
|---|---|
| Formaat: | Boek |
| Taal: | Spaans |
| Gepubliceerd in: |
Santiago
Hueders
2018
|
| Editie: | 1a. ed |
| Onderwerpen: | |
| Tags: |
Voeg label toe
Geen labels, Wees de eerste die dit record labelt!
|
MARC
| LEADER | 00000cam a2200000 a 4500 | ||
|---|---|---|---|
| 001 | UCC7280 | ||
| 003 | CL-VaPUC | ||
| 008 | 190322e20180000cl |||||||||||||||||spa|d | ||
| 020 | |a 9789563651027 | ||
| 082 | 0 | 4 | |a 791.4309 |b FAS |2 21 |
| 100 | 0 | |a Fassbinder, Rainer Werner |e author |9 269200 | |
| 245 | 1 | 0 | |a Fassbinder por Fassbinder: las entrevistas completas |
| 250 | |a 1a. ed | ||
| 300 | |a 540 p | ||
| 942 | |c BK | ||
| 945 | |d 20190322 14:57:00 |a dcastane | ||
| 260 | |a Santiago |b Hueders |c 2018 | ||
| 650 | 0 | |a Directores de cine |9 368705 | |
| 650 | 0 | |a Cine alemán |9 408351 | |
| 650 | 0 | |a Biografías |9 255210 | |
| 650 | 0 | |a Entrevistas |9 265537 | |
| 583 | |a last modification |c 20190322 14:57:00 |k Rodrigo Vera | ||
| 999 | |c 373965 |d 373963 | ||
| 952 | |0 0 |1 0 |3 erb |4 0 |6 791_430900000000000_FAS_2018 |7 0 |8 A |9 492301 |a BIBART |b BIBART |i 5537142 |o 791.4309 FAS 2018 |p 5537142 |r 2025-03-13 |w 2019-11-24 |y BK |z Catalogado en:20190322 |k ART | ||